000 00418nam a2200169Ia 4500
008 220531s9999 xx 000 0 und d
041 _amar
100 _aवै सुरेश
_943059
245 _aतूच फक्‍त तूच
250 _a1ST
260 _bGeeta
_c1999
300 _a224
542 _d27-06-2001
650 _aMarathi
_943060
906 _d2001-2002
_f7982
999 _c25622
_d25622